| 000 | 00539nam a2200229Ia 4500 | ||
|---|---|---|---|
| 003 | OSt | ||
| 005 | 20140314130427.0 | ||
| 008 | 140130s9999 xx 000 0 und d | ||
| 020 | _a059008531X | ||
| 050 |
_aQC 921.35 _b.D46 1975 |
||
| 100 | _adePaola, Tomie | ||
| 245 |
_aThe cloud book / _cTomie dePaola. |
||
| 260 |
_bScholastic, _c1975. _anew York : |
||
| 300 |
_a30 p. : _bcol. ill. ; _c21 cm. |
||
| 440 | _v1 | ||
| 521 | _aG4 | ||
| 526 | _c680 | ||
| 942 |
_cBK _2lcc |
||
| 999 |
_c40965 _d40965 |
||